000
00280nam a2200133Ia 4500
008
190216s9999||||xx |||||||||||||| ||und||
100
_a
Viswanathan S
245
0
_a
Practical Physics
250
_a
1st Ed.
260
_b
Null
300
_a
192
650
_a
Physics
942
_c
BK
999
_c
32804
_d
32804